Archaeology of religion : (Record no. 48558)

MARC details
000 -LEADER
fixed length control field 00523nam a2200193Ia 4500
005 - DATE AND TIME OF LATEST TRANSACTION
control field 20260122095521.0
008 - FIXED-LENGTH DATA ELEMENTS--GENERAL INFORMATION
fixed length control field 260121s9999||||xx |||||||||||||| ||und||
020 ## - INTERNATIONAL STANDARD BOOK NUMBER
International Standard Book Number 9781032106397
082 ## - DEWEY DECIMAL CLASSIFICATION NUMBER
Classification number 200.9
Item number STE
100 ## - MAIN ENTRY--PERSONAL NAME
Personal name Steadman, Sharon R.
245 #0 - TITLE STATEMENT
Title Archaeology of religion :
Remainder of title cultures and their beliefs in worldwide context /
250 ## - EDITION STATEMENT
Edition statement 2nd ed.
260 ## - PUBLICATION, DISTRIBUTION, ETC. (IMPRINT)
Place of publication, distribution, etc London :
Name of publisher, distributor, etc Routledge,
Date of publication, distribution, etc 2024.
300 ## - PHYSICAL DESCRIPTION
Extent xxiii, 435 p.; pbk
650 ## - SUBJECT ADDED ENTRY--TOPICAL TERM
Topical term or geographic name as entry element Archaeology
650 ## - SUBJECT ADDED ENTRY--TOPICAL TERM
Topical term or geographic name as entry element Cultures
650 ## - SUBJECT ADDED ENTRY--TOPICAL TERM
Topical term or geographic name as entry element Religion
942 ## - ADDED ENTRY ELEMENTS (KOHA)
Koha item type Text Books
Holdings
Date last seen Total Checkouts Full call number Barcode Price effective from Koha item type Lost status Damaged status Not for loan Collection code Withdrawn status Home library Current library Shelving location Date acquired Source of acquisition
22/01/2026   200.9 STE 54948 22/01/2026 Text Books       Non-fiction   CUTN Central Library CUTN Central Library Religion 22/01/2026 Technical Buearu, New Delhi - Invoice No. - TB4434 on 07-03-2025